000
00218nam a22000857a 4500
008
170104b xxu||||| |||| 00| 0 eng d
100
_9
2252
_a
Chugh.R.K
245
_a
Computer Activity Book-3
260
_a
New Delhi
_b
G.R.B
_c
2012
999
_c
5139
_d
5139